Підстави та межі кримінально-процесуального втручання в особисте життя громадян (Запис № 459276)
[ простий вигляд ]
| 000 -Лідер | |
|---|---|
| fixed length control field | 03563nam a2200265 4500 |
| 001 - Контрольний номер | |
| control field | 216218448 |
| 003 - Ідентифікатор контрольного номера | |
| control field | UA-OsUOA |
| 005 - Дата та час останнього входження (трансакції) | |
| control field | 20201118194633.0 |
| 008 - Елементи даних фіксованої довжини – загальна інформація | |
| fixed length control field | 200519b un ||||| m||| 00| 0 ukr d |
| 040 ## - Джерело каталогізації | |
| Агенція оригінальної каталогізації | UA-OsUOA |
| Мова каталогізації | ukr |
| Агенція, яка здійснювала перезапис | UA-OsUOA |
| Агенція, яка здійснювала модифікацію | UA-OsUOA |
| 041 ## - Код мови | |
| Код мови тексту/ звукової доріжки чи окремого заголовка (П) | ukr |
| 080 ## - Індекс Універсальної десяткової класифікації | |
| Індекс Універсальної десяткової класифікації (УДК) (НП) | 343.137 |
| 090 ## - Локальний шифр розміщення | |
| Класифікаційний індекс УДК | 343.137 |
| 095 ## - Код спеціальності для авторефератів | |
| Код спеціальності | 12.00.09 |
| Назва спеціальності | кримінальний процес та криміналістика; судова експертиза; оперативно-розшукова діяльність |
| 100 ## - Основне введення – ім’я особи | |
| Ім’я особи (НП) | Чабайовський Т. В. |
| 245 ## - Відомості про назву | |
| Назва (НП) | Підстави та межі кримінально-процесуального втручання в особисте життя громадян |
| Дані про відповідальність (НП) | Чабайовський Тарас Васильович ; наук. керівник Письменний Дмитро Петрович |
| 260 ## - Публікація, розповсюдження і т.п. (Вихідні дані) | |
| Місце публікації, розповсюдження і т.п. (П) | Київ |
| Дата публікації, розповсюдження і т.п. (П) | 2012 |
| 300 ## - Фізичний опис | |
| Обсяг | 16 с. |
| 502 ## - Примітка про дисертацію | |
| Зв'язок | Автореферат дисертації на здобуття наукового ступеня кандидата юридичних наук<br/> |
| Наймення інституції, що представляється | Національна академія внутрішніх справ |
| Рік отримання вченого ступеня | 2012 |
| 520 ## - Резюме і т.п. | |
| Резюме, реферат, анотація, тощо (НП) | У дисертації здійснено комплексне дослідження актуальних теоретичних питань гарантій прав особи у кримінальному процесі та практичних проблем їх вирішення при обмеженні права особи на недоторканність особистого життя громадян у кримінальному процесі. Досліджено підстави та межі кримінально-процесуального втручання в особисте життя громадян.<br/>Розкрито зміст інституту недоторканності особистого життя з точки зору складових його прав і свобод громадян, які обмежуються в ході кримінально-процесуальної діяльності.<br/>Визначено фактичні та юридичні підстави провадження слідчих дій, що обмежують право на недоторканність особистого життя.<br/>Обґрунтовано необхідність розгляду недоторканності особистого життя громадян як одного із принципів кримінального процесу, співставлено гарантії дотримання даного принципу у чинному КПК та в проекті нового КПК. Значну увагу приділено забезпеченню охорони відомостей про особисте життя в ході досудового розслідування та під час судового розгляду кримінальних справ.<br/>Внесено науково обґрунтовані пропозиції щодо вдосконалення кримінально-процесуального законодавства України з досліджуваних питань. |
| 650 ## - Додаткове предметне введення – тематичний термін | |
| Джерело заголовка чи терміна | UDC |
| Тематичний термін чи географічна назва, як елемент введення (НП) | 343 Кримінальне право. Карні порушення |
| 942 ## - Додаткові елементи входу (Коха) | |
| Source of classification or shelving scheme | Universal Decimal Classification |
| Тип елемента Koha | Автореферат |
| 955 ## - Код типу видання за змістом | |
| Код типу видання за змістом (НП) | Наукові видання |
Немає доступних примірників.